Catálogo de la Biblioteca Horacio González - Universidad Nacional de General Sarmiento

Un novio para mi mujer (Registro nro. 54950)

Detalles MARC
000 -CABECERA
campo de control de longitud fija 01868ngm a22003130a 4500
001 - NÚMERO DE CONTROL
campo de control PT36217
003 - IDENTIFICADOR DEL NÚMERO DE CONTROL
campo de control AR-LpoUNG
005 - FECHA Y HORA DE LA ÚLTIMA TRANSACCIÓN
campo de control 20210202000503.0
007 - CAMPO FIJO DE DESCRIPCIÓN FÍSICA--INFORMACIÓN GENERAL
campo de control de longitud fija vd cvaizq
008 - DATOS DE LONGITUD FIJA--INFORMACIÓN GENERAL
campo de control de longitud fija 191001s2009||||ag |||||||||||||||||spa d
037 ## - FUENTE DE ADQUISICIÓN
Condiciones de disponibilidad $7.05
040 ## - FUENTE DE LA CATALOGACIÓN
Centro catalogador/agencia de origen AR-LpoUNG
Lengua de catalogación spa
Centro/agencia transcriptor AR-LpoUNG
Normas de descripción aacr
041 ## - CÓDIGO DE LENGUA
Código de lengua del texto/banda sonora o título independiente spa
044 ## - CÓDIGO DEL PAÍS DE LA ENTIDAD EDITORA/PRODUCTORA
Código MARC del país ag
082 0# - NÚMERO DE LA CLASIFICACIÓN DECIMAL DEWEY
Número de clasificación 306.8 176nov
100 1# - ENTRADA PRINCIPAL--NOMBRE DE PERSONA
Nombre de persona Taratuto, Juan
Término indicativo de función/relación dir.
245 13 - MENCIÓN DE TÍTULO
Título Un novio para mi mujer
260 ## - PUBLICACIÓN, DISTRIBUCIÓN, ETC.
Lugar de publicación, distribución, etc. San Luis :
Nombre del editor, distribuidor, etc. AVH,
Fecha de publicación, distribución, etc. 2009.
300 ## - DESCRIPCIÓN FÍSICA
Extensión DVD (101 min.) : son., col.
505 0# - NOTA DE CONTENIDO CON FORMATO
Nota de contenido con formato Hecha en 2008. - Elenco: Adrián Suar (Tenso), Valeria Bertuccelli (Tana), Gabriel Goity (Cuervo), Marcelo Xicarts (Carlos), Luis Herrera (El negro), Martín Salazar (Gabriel), Oscar Núñez (Amílcar), Benjamín Amadeo (Damián Kopolski). - Créditos: Guión, Pablo Solarz; producción, Juan Pablo Galli. Juan Vera y Alejandro Cacetta; dirección de producción, Juan Lovece; jefe de producción, Natalia Martín; asistente de dirección, Guillermo Greco; fotografía, Pablo Schverdfinger.
520 ## - SUMARIO, ETC.
Sumario, etc. El Tenso no sabe cómo enfrentar a su mujer, la Tana, para decirle que se quiere separar, ya que la relación se le hace insostenible debido a su terrible carácter. Ella vive constantemente malhumorada: si no protesta por el tiempo, es por el gobierno; si no es por los vecinos, es por los jóvenes, o por los viejos o por lo que fuere. Carlos, amigo del Tenso, le sugiere invertir el problema y provocar que la Tana lo abandone a el. Cómo se pregunta el Tenso, y Carlos le presenta una propuesta: recurrir al Cuervo Flores, un viejo seductor irresistible para que conquiste a su mujer hasta el enamoramiento para que por fin el Tenso encuentre la solución a sus problemas.
651 #4 - PUNTO DE ACCESO ADICIONAL DE MATERIA--NOMBRE GEOGRÁFICO
Nombre geográfico Argentina
653 ## - TÉRMINO DE INDIZACIÓN--NO CONTROLADO
Término no controlado CINE ARGENTINO
653 ## - TÉRMINO DE INDIZACIÓN--NO CONTROLADO
Término no controlado COMEDIA
653 ## - TÉRMINO DE INDIZACIÓN--NO CONTROLADO
Término no controlado DVD
653 ## - TÉRMINO DE INDIZACIÓN--NO CONTROLADO
Término no controlado VIDEOS
905 ## - ELEMENTOS DE DATOS E LOCAL, LDE (RLIN)
a 36217
942 ## - ELEMENTOS DE PUNTO DE ACCESO ADICIONAL (KOHA)
Tipo de ítem Koha DVD
Existencias
Estado de retiro Estado de pérdida Estado dañado No para préstamo Código de colección Localización permanente Ubicación/localización actual Fecha de adquisición Total de préstamos Signatura topográfica completa Código de barras Fecha visto por última vez Precio válido a partir de Tipo de ítem Koha
        Colección Cine Biblioteca Universidad Nacional de General Sarmiento Biblioteca Universidad Nacional de General Sarmiento 02/02/2021   306.8 176nov 00043874 02/02/2021 02/02/2021 DVD